[Event "Liga Vallecaucana"]
[Site "Cali"]
[Date "2022.03.31"]
[Round "2.1"]
[White "Mateus, Martha"]
[Black "Vanegas, Jhonny"]
[Result "1/2-1/2"]
[WhiteElo "2009"]
[BlackElo "2151"]
[PlyCount "48"]
[EventDate "2022.03.30"]
[EventType "schev"]
[EventRounds "7"]
[EventCountry "COL"]
[SourceTitle "EXT 2023"]
[Source "ChessBase"]
[SourceDate "2022.10.05"]
[SourceVersion "1"]
[SourceVersionDate "2022.10.05"]
[SourceQuality "1"]
[WhiteTeam "Equipo B"]
[BlackTeam "Equipo A"]
[WhiteTeamCountry "COL"]
[BlackTeamCountry "COL"]

1. e4 e5 2. Nf3 Nc6 3. Nc3 Bb4 4. a3 Ba5 5. d4 exd4 6. Nxd4 Bxc3+ 7. bxc3 Nge7 8. Qg4 Ng6 9. Bg5 f6 10. Be3 Nxd4 11. cxd4 d5 12. Qf3 Be6 13. Bd3 0-0 14. exd5 Bxd5 15. Qh5 c6 16. 0-0 Qe8 17. g3 Qf7 18. Rfc1 b5 19. a4 a6 20. axb5 axb5 21. h4 Rae8 22. Qf5 Qe6 23. Qxe6+ Rxe6 24. Ra7 Ree8 1/2-1/2

[Event "Bucaramanga Juegos Uni"]
[Site "Bucaramanga"]
[Date "2010.10.23"]
[Round "4.1"]
[White "Tirado, Juan Camilo"]
[Black "Vanegas, Jhonny"]
[Result "1-0"]
[WhiteElo "1974"]
[BlackElo "2131"]
[PlyCount "91"]
[EventDate "2010.10.22"]
[EventType "swiss"]
[EventRounds "7"]
[EventCountry "COL"]
[SourceTitle "EXT 2024"]
[Source "ChessBase"]
[SourceDate "2023.10.10"]
[SourceVersion "1"]
[SourceVersionDate "2023.10.10"]
[SourceQuality "1"]

1. e4 c5 2. Nf3 d6 3. c3 Nf6 4. h3 Nc6 5. Qc2 g6 6. d4 cxd4 7. cxd4 d5 8. e5 Ne4 9. Nc3 Qa5 10. Bd2 Nxd2 11. Qxd2 h5 12. Bb5 Bh6 13. Qe2 Be6 14. 0-0 a6 15. Ba4 b5 16. Bb3 Qd8 17. Rad1 Na5 18. Bc2 Rc8 19. Bd3 Nc4 20. b3 Nb6 21. Nb1 Rc7 22. Nh4 Bg5 23. Nf3 Bf4 24. g3 Bh6 25. Kh2 g5 26. Ng1 Qc8 27. f3 g4 28. f4 Bf5 29. h4 0-0 30. Qd2 Qe6 31. Ne2 Rfc8 32. Rc1 Qg6 33. Rxc7 Rxc7 34. Rc1 Bxd3 35. Rxc7 Bxb1 36. Nc3 Bd3 37. Nd1 Bf5 38. Rxe7 Nd7 39. Ne3 Bf8 40. Nxd5 Qc6 41. Rxd7 Bxd7 42. Nf6+ Kg7 43. Qd3 Bb4 44. d5 Qc8 45. Qh7+ Kf8 46. d6 1-0

[Event "Bucaramanga Juegos Uni"]
[Site "Bucaramanga"]
[Date "2010.10.22"]
[Round "2.1"]
[White "Munoz Galvez, Jhon Edison"]
[Black "Vanegas, Jhonny"]
[Result "1-0"]
[WhiteElo "2241"]
[BlackElo "2131"]
[PlyCount "97"]
[EventDate "2010.10.22"]
[EventType "swiss"]
[EventRounds "7"]
[EventCountry "COL"]
[SourceTitle "EXT 2024"]
[Source "ChessBase"]
[SourceDate "2023.10.10"]
[SourceVersion "1"]
[SourceVersionDate "2023.10.10"]
[SourceQuality "1"]

1. d4 Nf6 2. c4 g6 3. Nf3 Bg7 4. Nc3 0-0 5. g3 d6 6. Bg2 Nc6 7. 0-0 e5 8. d5 Na5 9. Nd2 c5 10. Qc2 a6 11. Rb1 Bd7 12. b3 Qc7 13. Qd3 b6 14. Bb2 Nb7 15. f4 exf4 16. gxf4 Ng4 17. Nce4 Bxb2 18. Rxb2 f6 19. h3 Nh6 20. Qc3 Qd8 21. b4 Nf5 22. bxc5 Nxc5 23. Nxc5 bxc5 24. e4 Nd4 25. Nb3 Nxb3 26. axb3 Qe7 27. Ra1 g5 28. fxg5 fxg5 29. Re2 Qe5 30. Qxe5 dxe5 31. Rea2 Rf6 32. Ra5 Rb6 33. R1a3 Rab8 34. Rxc5 Rxb3 35. Rxb3 Rxb3 36. Rc7 Be8 37. c5 Rc3 38. c6 a5 39. Ra7 Rc5 40. Bf3 Kf8 41. Bg4 h5 42. Bf5 Bxc6 43. dxc6 Rxc6 44. Rxa5 g4 45. hxg4 hxg4 46. Rxe5 Kf7 47. Bxg4 Rg6 48. Rf5+ Kg7 49. Rf4 1-0

[Event "Pan American-ch U20"]
[Site "Cali"]
[Date "2005.10.21"]
[Round "9"]
[White "Vanegas, Jhonny"]
[Black "Naranjo, Sebastian"]
[Result "1-0"]
[WhiteElo "1800"]
[BlackElo "1880"]
[PlyCount "87"]
[EventDate "2005.10.16"]
[EventType "swiss"]
[EventRounds "9"]
[EventCountry "COL"]
[SourceTitle "EXT 2022"]
[Source "ChessBase"]
[SourceDate "2021.10.06"]
[SourceVersion "1"]
[SourceVersionDate "2021.10.06"]
[SourceQuality "1"]

1. Nf3 d6 2. b3 Nf6 3. Bb2 e5 4. d3 Bg4 5. g3 c6 6. Bg2 Be7 7. Nbd2 h5 8. h3 Bf5 9. e4 Bg6 10. 0-0 Nbd7 11. Qe2 Nh7 12. d4 Qc7 13. dxe5 dxe5 14. Nc4 f6 15. Nh4 Nhf8 16. Nf5 Bxf5 17. exf5 0-0-0 18. h4 g6 19. fxg6 Nxg6 20. a4 Rdg8 21. Ne3 Bc5 22. Nf5 Ndf8 23. Qc4 Be7 24. Qf7 Bd8 25. Rad1 Kb8 26. Qc4 Ne7 27. Ne3 Nfg6 28. Ba3 Nc8 29. Rd2 Nf4 30. Bf3 Be7 31. Bxe7 Nxe7 32. Kh2 Nfg6 33. Rfd1 f5 34. Rd7 Qb6 35. Qe2 e4 36. Bg2 Qc5 37. Nc4 Nd5 38. Rd2 Ngf4 39. Qe1 Nxg2 40. Kxg2 f4 41. Qxe4 fxg3 42. Qe5+ Kc8 43. Rg7 Ne3+ 44. Qxe3 1-0